| 000 | 00885nam a22002057a 4500 | ||
|---|---|---|---|
| 003 | JO-AjAnu | ||
| 005 | 20260421111108.0 | ||
| 008 | 260421b jo ||||| |||| 00| 0 ara d | ||
| 020 | _a978-9923-853-05-4 | ||
| 022 | _a5397/9/2025 | ||
| 040 |
_aANU _cJO-AjAnu |
||
| 041 | _hARA | ||
| 100 |
_aمجمع اللغة العربية الأردني _956867 _eمؤلف |
||
| 245 |
_aقائمة باسماء الأعلام والأقوام والشواهد التاريخية والملل والمصطلحات الوارد ذكرها في كتاب احسن التقاسيم في معرفة الأقاليم _c / مجمع اللغة العربية الأردني |
||
| 250 | _a ط 1 | ||
| 260 |
_aعمان: _bمجمع اللغة العربية الأردني؛ _c2025 |
||
| 300 | _a76 ورقة | ||
| 650 | _vالعالم الإسلامي-تقاويم البلدان | ||
| 942 |
_2lcc _cBK _n0 |
||
| 999 |
_c34194 _d34194 |
||